Memoria correspondiente al año 1935 / (Record no. 124874)

MARC details
000 -LEADER
campo de control de longitud fija 00785nam a2200193 i 4500
001 - NÚMERO DE CONTROL
campo de control 124874
003 - IDENTIFICADOR DE NÚMERO DE CONTROL
campo de control ES-MaACL
005 - FECHA Y HORA DE LA ÚLTIMA TRANSACCIÓN
campo de control 20230906192520.0
007 - CAMPO FIJO DE DESCRIPCIÓN FÍSICA--INFORMACIÓN GENERAL
campo de control de longitud fija t|
008 - DATOS DE LONGITUD FIJA--INFORMACIÓN GENERAL
campo de control de longitud fija 070423s1935 sp ||||1| spa d
110 2# - ENTRADA PRINCIPAL--NOMBRE DE ENTIDAD CORPORATIVA
Nombre de entidad corporativa o nombre de jurisdicción como elemento de entrada Caja Nacional contra el Paro Forzoso.
9 (RLIN) 2337
245 10 - MENCIÓN DEL TÍTULO
Título Memoria correspondiente al año 1935 /
Mención de responsabilidad, etc. Caja Nacional contra el Paro forzoso.
260 ## - PUBLICACIÓN, DISTRIBUCIÓN, ETC.
Lugar de publicación, distribución, etc. Madrid :
Nombre del editor, distribuidor, etc. [s.n.],
Fecha de publicación, distribución, etc. 1936 (
Fabricante Imprenta y Encuadernación de los Sobrinos de la Sucesora de M. Minuesa de los Ríos)
300 ## - DESCRIPCIÓN FÍSICA
Extensión 85 p., 13-24 p. de map. pleg., 39-44 p. de gráf. pleg. ;
Dimensiones 20 cm.
490 1# - MENCIÓN DE SERIE
Mención de serie Publicaciones del Instituto Nacional de Previsión ;
Designación de volumen o secuencia 497
830 0# - PUNTO DE ACCESO ADICIONAL DE SERIE-TÍTULO UNIFORME
Título uniforme Publicaciones del Instituto Nacional de Previsión ;
Designación de volumen o secuencia 497
9 (RLIN) 181151
852 ## - LOCALIZACIÓN
Ubicación ES-MaACL
Número de control de estantería C-12655(11)
Holdings
Estatus retirado Estado de pérdida Estado de daño No para préstamo Biblioteca de origen Biblioteca actual Ubicación en estantería Fecha de adquisición Fuente de adquisición Total de préstamos Signatura topográfica completa Código de barras Visto por última vez Precio de reemplazo Tipo de ítem Koha
        Biblioteca del Ateneo de Madrid Biblioteca del Ateneo de Madrid Sala Palomar 17/01/2008     C-12655(11) 1130105 23/02/2023 23/02/2023 Libro impreso